Easy Country Knowledge - Statistics

General Stats
  • This quiz has been taken 87 times
    36 since last reset
  • The average score is 10 of 15
Answer Stats
Hint Answer % Correct
Biggest country Russia
100%
Biggest population country China
96%
Smallest country Vatican
96%
Biggest country in South America Brazil
89%
Only country that starts with Q Qatar
89%
Northernmost country Canada
78%
Strongest military USA
78%
Southernmost country New Zealand
74%
Biggest country in Europe FULLY Ukraine
67%
Biggest Island (not Australia) Denmark
63%
Biggest country in Africa Algeria
56%
Winner for the 2018 World Cup France
48%
Smallest country in Oceania Nauru
44%
Mohamed Salah nationality Egypt
33%
The 2 letters that have no countries starting with W and X
33%
No matching quizzes found
Score Distribution
Percent of People with Each Score
Percentile by Number Answered
Your Score History
You have not taken this quiz since the last reset